| 000 | 00440nam a2200181Ia 4500 | ||
|---|---|---|---|
| 001 | 8227 | ||
| 005 | 20260306160553.0 | ||
| 008 | 260306t2011||||xx |||||||||||||| ||spa|| | ||
| 041 | _aESP | ||
| 082 |
_a370.15 _bP674 T. 4 |
||
| 100 |
_aLandeira Ediciones _eAUT |
||
| 245 | 0 |
_aPsicopedagogĂa práctica: _bpara el trabajo en el aula |
|
| 260 | _c2011 | ||
| 300 |
_a _c27 cm. |
||
| 650 | _aGEN | ||
| 654 | _aCED | ||
| 942 |
_cLIB _dJUS _fJUS _2ddc _n |
||
| 999 |
_c8227 _d8227 |
||